000
00239nam a22000857a 4500
999
_c
2800
_d
2800
008
160816b xxu||||| |||| 00| 0 eng d
100
_9
145
_a
Sumita Arora
245
_a
Move fast with Informatics Practices-XII
260
_a
New Delhi
_b
Dhanpat Rai publication
_c
2015